Légume ou Non ? - Statistiques

Statistiques générales
  • Ce quiz a été pris 117 fois
  • Le résultat moyen est 11 sur 15
Answers on the Grid
Answers color-coded by a green-red scale on the quiz's grid according to % correct below.
Chou
Orange
Tomate
Carotte
Concombre
Olive
Mirabelle
Laitue
Banane
Melon
Citrouille
Framboise
Poire
Courgette
Poivron
Petit pois
Pomme
Fraise
Aubergine
Groseille
Radis
Abricot
Cerise
Kiwi
Haricot
Artichaut
Pêche
Raisin
Clémentine
Epinard
 
Statistiques - réponses
Réponse % Correct
Chou
95%
Carotte
84%
Concombre
83%
Haricot
81%
Courgette
78%
Epinard
78%
Laitue
76%
Radis
76%
Artichaut
75%
Petit pois
71%
Poivron
70%
Aubergine
69%
Citrouille
66%
Tomate
30%
Melon
23%
Aucun quiz correspondant
Distribution des résultats
% des personnes avec chaque résultat
Percentile par nombre de réponses
Votre historique - résultats
Vous n’avez pas pris ce quiz